000 00495nam a2200193Ia 4500
008 101110s9999 xx 000 0 und d
041 _aENGLISH
082 _bSR13762
100 _aMan Mohan and S.N.Goyal
245 _aPrinciples of Management Accounting
365 _b45
520 _aCommerce
546 _aENGLISH
630 _aPrinciples of Management Accounting
650 _aCommerce
655 _aCommerce
730 _aPrinciples of Management Accounting
942 _cBOOK
999 _c807906
_d807903